ბათუმის შოთა რუსთაველის სახელმწიფო უნივერსიტეტის ბიბლიოთეკა

Что такое неэвклидова геометрия (ბიბ.ჩანაწერი № 47949)

000 -LEADER
fixed length control field 00498nam a2200181Ia 4500
001 - CONTROL NUMBER
control field 14826
003 - CONTROL NUMBER IDENTIFIER
control field GE_BSU
008 - FIXED-LENGTH DATA ELEMENTS--GENERAL INFORMATION
fixed length control field 181216s||||||||xx |||||||||||||| ||und||
040 ## - CATALOGING SOURCE
Transcribing agency GE_BSU
080 ## - UNIVERSAL DECIMAL CLASSIFICATION NUMBER
Universal Decimal Classification number 514.13
100 ## - MAIN ENTRY--PERSONAL NAME
Personal name Александров,П.С.
245 ## - TITLE STATEMENT
Title Что такое неэвклидова геометрия
260 ## - PUBLICATION, DISTRIBUTION, ETC.
Place of publication, distribution, etc. Москва
260 ## - PUBLICATION, DISTRIBUTION, ETC.
Date of publication, distribution, etc. 1950
300 ## - PHYSICAL DESCRIPTION
Extent 69стр.илл.22см.
653 ## - INDEX TERM--UNCONTROLLED
Uncontrolled term Что такое неэвклидова геометрия
942 ## - ADDED ENTRY ELEMENTS (KOHA)
Koha item type წიგნი
ეგზემპლარები
Withdrawn status Lost status Damaged status Not for loan Date acquired Barcode Date last seen Price effective from Koha item type
        2018-12-17 15552 2018-12-17 2018-12-17 წიგნი